000 00387nam a22001697a 4500
003 OSt
005 20220317093032.0
008 220317b |||||||| |||| 00| 0 eng d
020 _a0070152098
040 _cHU
082 _a530.155
100 _aDalven Richard
_97561
245 _aCalculus For Physics
260 _aMc Graw -Hill
_bNew York
300 _f149
942 _2ddc
_cBOOKS
_n0
999 _c33010
_d33010